Statistics for Musical Acts with the Most Hits since 1962

Click here to take the quiz!

General Stats

  • This quiz has been taken 15,431 times
  • The average score is 26 of 100

Answer Stats

PointsArtist% Correct
1521The Beatles
93%
1355Michael Jackson
83%
1707Janet Jackson
74%
697The Rolling Stones
73%
1081Beyoncé
67%
528Elvis Presley
65%
1888Madonna
65%
1310Taylor Swift
63%
1500Elton John
59%
749Eminem
55%
605Justin Bieber
54%
1936Rihanna
53%
798Jay-Z
51%
1292Katy Perry
51%
670Britney Spears
48%
623George Michael
48%
713Kanye West
46%
2074Mariah Carey
43%
1491Whitney Houston
43%
925Justin Timberlake
42%
860Lady Gaga
42%
1149Pink
42%
541T.I.
42%
657Adele
41%
1239Drake
40%
704Prince
39%
477Backstreet Boys
37%
585Ed Sheeran
34%
540The Beach Boys
33%
629Celine Dion
32%
585Christina Aguilera
32%
492Eagles
32%
622Ariana Grande
31%
893Bee Gees
28%
594Aretha Franklin
27%
938Bruno Mars
27%
1353Maroon 5
27%
502Miley Cyrus
27%
478Paul McCartney
27%
652Billy Joel
26%
1260Stevie Wonder
26%
1616Usher
26%
60950 Cent
25%
607Bon Jovi
25%
574Cher
25%
752Destiny's Child
24%
701Diana Ross
24%
647The Jackson 5
23%
634Chris Brown
22%
916The Black Eyed Peas
22%
692Jennifer Lopez
21%
729The Supremes
21%
725Marvin Gaye
19%
783Phil Collins
19%
844Kelly Clarkson
17%
488Lil Wayne
16%
848Boyz II Men
15%
630Lionel Richie
15%
606Pitbull
15%
638Bryan Adams
14%
498Kesha
14%
813R. Kelly
14%
693The Temptations
14%
686Barbra Streisand
13%
597Puff Daddy
13%
786Rod Stewart
13%
685The Weeknd
13%
680TLC
13%
685Alicia Keys
12%
628Chicago
12%
652Duran Duran
12%
838Nelly
12%
609Nickelback
12%
684Donna Summer
11%
793Flo Rida
11%
557Neil Diamond
11%
513Post Malone
11%
513Huey Lewis and the News
10%
673Kenny Rogers
10%
479Santana
10%
501Enrique Iglesias
9%
641Imagine Dragons
9%
984Hall & Oates
8%
550Paula Abdul
8%
582The Carpenters
8%
467Foreigner
7%
624Jason Derulo
7%
584Ludacris
7%
722Olivia Newton-John
7%
469Commodores
6%
558Dionne Warwick
6%
499Gloria Estefan
6%
507The Chainsmokers
6%
510Akon
5%
575Three Dog Night
4%
578Toni Braxton
4%
4813 Doors Down
3%
472Air Supply
3%
541Kool & the Gang
3%
535Richard Marx
3%

Score Distribution

Percentile by Number Answered

Percent of People with Each Score

Your Score History

You have not taken this quiz